Estructura y estimación no paramétrica de la riqueza total de especies del bosque seco tropical a través de una cronosecuencia teledetectada de más de 60 años en la Isla de Providencia, Colombia: (Registro nro. 8958)

Detalles MARC
000 -CABECERA
Campo de control 01019 a2200217 4500
005 - FECHA Y HORA DE LA ULTIMA TRANSACCION
Campo de control 20150113110301.0
008 - ELEMENTOS DE LONGITUD FIJA—INFORMACION GENERAL
Campo de control 150113b xxu||||| |||| 00| 0 spa d
040 ## - FUENTE DE CATALOGACIÓN
Agencia catalogadora original CO-BoIAVH
Agencia transcriptora CO-BoIAVH
041 ## - IDIOMA
Código de idioma para texto/pista de sonido o título separado Español
090 ## - CLASIFICACIÓN LOCAL
Colección IAVH
Consecutivo 01375
100 ## - ASIENTO PRINCIPAL--NOMBRE PERSONAL
Nombre personal Ruiz, Jorge
245 ## - MENCION DE TITULO
Título Estructura y estimación no paramétrica de la riqueza total de especies del bosque seco tropical a través de una cronosecuencia teledetectada de más de 60 años en la Isla de Providencia, Colombia:
Parte restante del título Informe Ejecutivo
260 ## - PUBLICACION, DISTRIBUCION, ETC. (PIE DE IMPRENTA)
Lugar de publicación, distribución, etc. Bogota
Nombre del editor, distribuidor, etc. Instituto Alexander Von Humboldt
Fecha de publicación, distribución, etc. 2009
300 ## - DESCRIPCION FISICA
Extensión 6 p.
650 ## - ASIENTO SECUNDARIO DE MATERIA - TERMINO TEMATICO
Término temático o nombre geográfico como elemento de entrada Bosque seco tropical
650 ## - ASIENTO SECUNDARIO DE MATERIA - TERMINO TEMATICO
Término temático o nombre geográfico como elemento de entrada Riqueza de especies
651 ## - ASIENTO SECUNDARIO DE MATERIA - NOMBRE GEOGRAFICO
Nombre geográfico Providencia
662 ## - ASIENTO SECUNDARIO DE MATERIA - JERARQUIA DEL NOMBRE DE LUGAR(
País o entidad mayor Colombia
773 0# - Item fuente:
Asiento principal Ruiz, Jorge
Lugar, editorial y fecha de publicación Bogot Ìnstituto Alexander Von Humboldt 2009
Título Estructura y estimacin̤ no paramťrica de la riqueza total de especies del bosque seco tropical a travš de una cronosecuencia teledetectada de ms̀ de 60 aǫs en la Isla de Providencia, Colombia
942 ## - ELEMENTOS ADICIONALES (KOHA)
Sistema de clasificación Local
Tipo de ítem Informe Técnico
Existencias
Withdrawn status Lost status Sistema de Clasificación Damaged status No para préstamo Colección Inventariado Ubicación Permanente Ubicación actual Fecha de adquisición Total Checkouts Número topográfico Inventario / Código de Barras Date last seen Ejemplar Price effective from Forma de adquisición Tipo de material
    Local     Humboldt Inventariado 2017 Bogotá Bogotá 13/01/2015   IAVH-01375 027503 09/08/2024 Ej. 1 13/01/2015 Institucional Informe Técnico